| 000 | 00369nam a2200133Ia 4500 | ||
|---|---|---|---|
| 008 | 211118s9999||||xx |||||||||||||| ||und|| | ||
| 082 |
_a894.8124 _bNAR-N |
||
| 100 | _aNarayanan, K R | ||
| 245 | 0 | _aNehruvinte Veekshanangal | |
| 260 |
_bD c Books _aKottayam _c1999 |
||
| 630 | _xGeneral Stack | ||
| 650 |
_aMalayalam Literature _vMalayalam EssaysGeneralia |
||
| 942 | _cBOOK | ||
| 999 |
_c96911 _d96911 |
||